000
00454nam a2200133Ia 4500
008
100328s9999 xx 000 0 und d
082
_b
9934
100
_a
वरेरकर भार्गवराम विठ्ठल
245
_a
लंकेची पार्वती
260
_b
ग.पां.परचुरे
630
_a
लंकेची पार्वती
730
_a
लंकेची पार्वती
942
_c
BOOK
999
_c
505491
_d
505488